Brit Award For Song Of The Year - Statistics

General Stats
  • This quiz has been taken 34 times
  • The average score is 31 of 46
Answer Stats
Hint Song Answer % Correct
2013 Skyfall Adele
100%
2016 Hello Adele
100%
2022 Easy On Me Adele
100%
1977 Bohemian Rhapsody Queen
100%
1992 These Are The Days Of Our Lives Queen
100%
1997 Wannabe Spice Girls
97%
1986 Everybody Wants To Rule The World Tears For Fears
97%
1988 Never Gonna Give You Up Rick Astley
94%
1982 Tainted Love Soft Cell
94%
1999 Angels Robbie Williams
91%
2000 She's The One Robbie Williams
91%
2001 Rock DJ Robbie Williams
91%
2021 Watermelon Sugar Harry Styles
88%
2023 As It Was Harry Styles
88%
1987 West End Girls Pet Shop Boys
88%
2012 What Makes You Beautiful One Direction
84%
1995 Parklife Blur
81%
1984 Karma Chameleon Culture Club
81%
2015 Uptown Funk Mark Ronson ft Bruno Mars
81%
1993 Could It Be Magic Take That
81%
1994 Pray Take That
81%
1996 Back For Good Take That
81%
2007 Patience Take That
81%
2008 Shine Take That
81%
1983 Come On Eileen Dexy's Midnight Runners
78%
1985 Relax Frankie Goes To Hollywood
78%
1991 Enjoy The Silence Depeche Mode
69%
2019 One Kiss Calvin Harris & Dua Lipa
63%
2020 Someone You Loved Lewis Capaldi
63%
2004 White Flag Dido
59%
1990 Another Day In Paradise Phil Collins
56%
2006 Speed Of Sound Coldplay
53%
2017 Shout Out To My Ex Little Mix
50%
1977 A Whiter Shade Of Pale Procol Harum
44%
2018 Human Rag N Bone Man
44%
2024 Escapism Raye ft 070 Shake
44%
2025 Guess Charli XCX ft Billie Eilish
38%
2011 Pass Out Tinie Tempah
38%
1998 Never Ever All Saints
34%
2002 Don't Stop Movin' S Club 7
34%
2009 The Promise Girls Aloud
31%
2010 Beat Again JLS
31%
1989 Perfect Fairground Attraction
16%
2014 Waiting All Night Rudimental ft Ella Eyre
16%
2003 Just A Little Liberty X
13%
2005 Your Game Will Young
6%
No matching quizzes found
Score Distribution
Percent of People with Each Score
Percentile by Number Answered
Your Score History
You have not taken this quiz